000
00322nam a2200133Ia 4500
008
210210b1969 xxu||||| |||| 00| 0 eng d
082
_a
370 JOHO
100
_a
JOHN (V V).
245
_a
Orbiting professor.
260
_a
Bombay
_b
Pearl publications pvt ltd
_c
1969
300
_a
184
690
_a
Education
906
_a
028354
999
_c
79603
_d
79603